La calidad docente, factor de prevención del riesgo social
Αποθηκεύτηκε σε:
| Κύριοι συγγραφείς: | , |
|---|---|
| Μορφή: | Βιβλίο |
| Γλώσσα: | Ισπανικά |
| Έκδοση: |
Madrid
McGraw-Hill
2006
|
| Θέματα: | |
| Ετικέτες: |
Προσθήκη ετικέτας
Δεν υπάρχουν, Καταχωρήστε ετικέτα πρώτοι!
|
MARC
| LEADER | 00000nam a2200000 a 4500 | ||
|---|---|---|---|
| 001 | UCI3962 | ||
| 003 | CL-VaPUC | ||
| 008 | 071207e20060000SP |||||||||||||||||spa|d | ||
| 020 | |a 8448156803 | ||
| 082 | 0 | 4 | |a 370.115 |b ZAM |2 21 |
| 100 | 0 | |a Zambrano Soto, Isidoro Juan |e author |9 525560 | |
| 700 | 0 | |a Quicios García, María del Pilar |e author |9 525561 | |
| 245 | 1 | 3 | |a La calidad docente, factor de prevención del riesgo social |
| 300 | |a 236 p | ||
| 942 | |c BK | ||
| 945 | |d 20071207 00:00:00 |a jtorresc | ||
| 260 | |a Madrid |b McGraw-Hill |c 2006 | ||
| 650 | 0 | |a Calidad docente |9 474780 | |
| 650 | 7 | |a EDUCACION SOCIAL |2 CL-VaPUC |9 330279 | |
| 650 | 7 | |a RIESGOS SOCIALES |2 CL-VaPUC |9 462326 | |
| 650 | 0 | |a Antropología |9 233030 | |
| 650 | 0 | |a Capacitación docente |9 312871 | |
| 650 | 0 | |a Motivación en educación |9 307828 | |
| 650 | 0 | |a Profesores |9 308968 | |
| 650 | 0 | |a Alumnos |9 335074 | |
| 583 | |a last modification |c 20071207 00:00:00 |k Rodrigo Vera | ||
| 999 | |c 327985 |d 327983 | ||
| 952 | |0 0 |1 0 |4 0 |6 370_115000000000000_ZAM_2006 |7 0 |8 A |9 411617 |a BIBEDU |b BIBEDU |d 2019-11-22 |i 4394828 |o 370.115 ZAM 2006 |p 4394828 |r 2019-11-22 |w 2019-11-22 |y BK |k EDU | ||
| 952 | |0 0 |1 0 |4 0 |6 370_115000000000000_ZAM_2006 |7 0 |8 A |9 411618 |a BIBEDU |b BIBEDU |d 2019-11-22 |i 4394836 |o 370.115 ZAM 2006 |p 4394836 |r 2019-11-22 |w 2019-11-22 |y BK |k EDU | ||